Determinación del contenido de bromelina de tallos de piña, Ananas Comosus de la variedad Monte Lirio provenientes de campos de cultivo ubicados en el Municipio de Ticuantepe, Managua.

En este trabajo se estudió, la determinación del contenido de bromelina de tallos de piña, ananas comusus tomando como criterio de selección la variedad de mayor producción en el país, la cual es la variedad monte lirio o nacional, las plantas utilizadas son provenientes de tres campos de cult...

Full description

Bibliographic Details
Main Authors: Quezada Pérez, Jimmy Alejandro, Gutiérrez Alaníz, Rodolfo José Junior
Other Authors: Tutor: Espinoza Morales, Rodolfo A.
Format: Tesis Section = Libro
Language:Undetermined
Spanish
Published: Managua UNI 2022
Subjects:
LEADER 01293nam a2200253Ia 4500
008 240830s9999 xx 000 0 und d
040 |a CEDOC DACA-RUSB / Mon 584.22 Q5 
041 |a spa 
082 |a Mon 584.22 Q5 
100 1 |a Quezada Pérez, Jimmy Alejandro 
100 1 |b Gutiérrez Alaníz, Rodolfo José Junior  
245 1 0 |a Determinación del contenido de bromelina de tallos de piña, Ananas Comosus de la variedad Monte Lirio provenientes de campos de cultivo ubicados en el Municipio de Ticuantepe, Managua. 
260 |a Managua  |b UNI  |c 2022 
300 |a 113 p. :il.  
500 |a Contiene: anexos y CD. 
502 |a Tesis (Ingeniero Químico) - UNI,2022.  
520 3 |a En este trabajo se estudió, la determinación del contenido de bromelina de tallos de piña, ananas comusus tomando como criterio de selección la variedad de mayor producción en el país, la cual es la variedad monte lirio o nacional, las plantas utilizadas son provenientes de tres campos de cultivos cercanos a su tercera cosecha ubicados en el municipio de Ticuantepe-Managua  
650 7 |a BROMELINA 
650 7 |b INVESTIGACIONES PIÑA 
650 7 |c BROMELINA - DISEÑOS AGRÍCOLAS 
700 1 |a Tutor:  |b Espinoza Morales, Rodolfo A. 
942 |c BK  |2 ddc 
991 |a TESIS 
999 |c 27068